00999nam a2200217 a 450000100100000000500170001000800410002702000180006804000250008608200160011110000340012724501190016126000510028030000210033149000530035250001450040550000730055050000730062350400320069683000530072800004687220201002053156.0180404s2016 dr 000 0 spa d a9789945899191 aDO-SdBNPbspacBNPHU axxxxbR696a1 aRodríguez, Aralís,d1966-10aDe Anacaona a Jacques Viau Renaud :binvasiones y resistencia en la literatura dominicana /cAralís Rodríguez. aSanto Domingo :bMinisterio de Cultura,c2016. a334 p. ;c23 cm.1 aPensamiento dominicano Julio Postigo in memoriam aBasado en la tesis sometida a la Universidad de Birmingham, Reino Unido, para optar al título de Doctora en Filosofía (PhD), Julio 2015. aIncluye datos biográficos de la autora en la solapa de la cubierta aIncluye referencias bibliográficas y notas al pie de las páginas aBibliografía : p. 315-334 0aPensamiento dominicano Julio Postigo in memoriam